000 00806nam a2200253Ia 4500
003 OSt
005 20221005104604.0
006 a|||||r|||| 00| 0
007 ta
008 221004b |||||||| |||| 00| 0 hin d
020 _cIndian Rupees 105
024 _a40588
037 _bGift, 25/10/2018,
_cTextual
040 _aCRL
_cCRL
_bhin
041 _2hin
_ahin
082 _aO152,1x, P2
100 _aजाजू, रामनिवास
245 0 _aफूलों का हो रहा हवन
246 _aFūloan kā ho rahā havana
260 _aदिल्ली
_bराजपाल भारत
_c2002
300 _a122पृ.
_ccm.
942 _hO152,1x, P2
_cTEXL
_2cc
999 _c1013181
_d1013181